Minutes to midnight.
Guardat en:
| Autor principal: | |
|---|---|
| Format: | Llibre |
| Publicat: |
Göttingen, Germany:
Steidl,
2013.
|
| Edició: | First edition. |
| Matèries: | |
| Etiquetes: |
Afegir etiqueta
Sense etiquetes, Sigues el primer a etiquetar aquest registre!
|
MARC
| LEADER | 00000nam a22000007a 4500 | ||
|---|---|---|---|
| 003 | CL-VaPUC | ||
| 005 | 20250321101945.0 | ||
| 008 | 250305t2013 ||||| |||| 00| 0 eng d | ||
| 999 | |c 447107 |d 447105 | ||
| 020 | |a 978-3-86930-205-8 | ||
| 040 | |c Pontificia Universidad Católica de Valparaíso | ||
| 082 | 7 | |a 779.44 PAR 2013 |2 22 | |
| 100 | 1 | |a Parke, Trent |e author |9 896322 | |
| 245 | |a Minutes to midnight. | ||
| 250 | |a First edition. | ||
| 260 | |a Göttingen, Germany: |b Steidl, |c 2013. | ||
| 300 | |a sin paginación : |b fotografías. | ||
| 500 | |a c.1.Instituto Arcos 8-1-2025. | ||
| 583 | |c 20250305 |k Cristina María Rojas Aguilar | ||
| 650 | |a Fotografías |x Obras pictóricas |z Australia |9 896323 | ||
| 650 | |a Fotografías |x Vida social y costumbres |x Obras pictóricas |z Australia |9 896324 | ||
| 942 | |2 ddc |c BK |n 0 | ||
| 952 | |0 0 |1 0 |2 ddc |4 0 |6 779_440000000000000_PAR_2013 |7 0 |8 A |9 600572 |a BIBINC |b BIBINC |d 2025-01-08 |e Instituto Arcos |i 5665520 |o 779.44 PAR 2013 |p 5665520 |r 2025-03-05 |t 1 |w 2025-03-05 |y BK |k IFP | ||